ODS – poslanci - Statistics

General Stats
  • This quiz has been taken 8 times
  • The average score is 7 of 27
Answer Stats
Hint Answer % Correct
místopředseda Eva Decroix
100%
Petr Fiala
100%
Jan Lipavský
83%
předseda Marek Benda
83%
Martin Kupka
83%
Karel Haas
67%
Martin Baxa
50%
Jana Černochová
33%
Ivan Adamec
17%
Jakub Janda
17%
Jan Bauer
17%
Jan Skopeček
17%
místopředseda Lucie Bartošová
17%
místopředseda Pavel Žáček
17%
Petr Bendl
17%
Vojtěch Munzar
17%
Jana Bačíková
0%
Jan Bureš
0%
místopředseda Jiří Havránek
0%
Libor Hoppe
0%
Libor Turek
0%
Pavel Karpíšek
0%
místopředseda Petr Sokol
0%
Renáta Zajíčková
0%
místopředseda Štěpán Slovák
0%
Vítězslav Schrek
0%
Zdeňka Němečková Crkvenjaš
0%
No matching quizzes found
Score Distribution
Percent of People with Each Score
Percentile by Number Answered
Your Score History
You have not taken this quiz